Thinking on your feet : tools to communicate clearly and convincingly (Record no. 78180)

MARC details
000 -LEADER
fixed length control field 00653nam a2200217Ia 4500
008 - FIXED-LENGTH DATA ELEMENTS--GENERAL INFORMATION
fixed length control field 191130s2004##################000#0#eng##
020 ## - INTERNATIONAL STANDARD BOOK NUMBER
ISBN 9788176497244
082 ## - DEWEY DECIMAL CLASSIFICATION NUMBER
Classification number 658.452 CAR
100 ## - MAIN ENTRY--AUTHOR NAME
Personal name Caroselli, Marlene
245 ## - TITLE STATEMENT
Title Thinking on your feet : tools to communicate clearly and convincingly
Statement of responsibility, etc Marlene Caroselli
250 ## - EDITION STATEMENT
Edition statement 1st Indian ed
260 ## - PUBLICATION, DISTRIBUTION, ETC. (IMPRINT)
Place of publication New Delhi ; Chennai
Name of publisher Viva Books
Year of publication 2004
300 ## - PHYSICAL DESCRIPTION
Number of Pages 86 p. : ill. ; 22 cm
650 ## - SUBJECT ADDED ENTRY--TOPICAL TERM
Topical Term Business communication
Topical Term Oral communication
Topical Term Public speaking
991 ## -
-- 228290
Holdings
Withdrawn status Lost status Damaged status Not for loan Home library Current library Shelving location Date acquired Full call number Accession Number Price effective from Koha item type
        Anna Centenary Library Anna Centenary Library 6TH FLOOR, B WING 09.10.2020 658.452 CAR 310363 09.10.2020 English Books

Find us on the map